| 000 | 01800nam a2200457 i 4500 | ||
|---|---|---|---|
| 001 | ELB128121 | ||
| 003 | FINmELB | ||
| 005 | 20250326043851.0 | ||
| 006 | m o d | | ||
| 007 | cr cnu|||||||| | ||
| 008 | 210707s2019 cl o 000 0 spa d | ||
| 020 |
_a9789563571752 _q(e-book) |
||
| 020 | _z9789563571745 | ||
| 035 | _a(OCoLC)1261027954 | ||
| 040 |
_aFINmELB _bspa _erda _cFINmELB |
||
| 042 | _apcc | ||
| 050 | 4 |
_aF3100 _b.D666 2019 |
|
| 080 | _a94(83) | ||
| 082 | 0 | 4 |
_a306.09830904 _223 |
| 100 | 1 |
_aDonoso Fritz, Karen Esther, _eautor. |
|
| 245 | 1 | 0 |
_aCultura y dictadura : _bcensuras, proyectos einstitucionalidad cultural en Chile, 1973-1989 / _cKaren Esther Donoso Fritz. |
| 264 | 1 |
_aSantiago de Chile, Chile : _buah/ediciónes. Universidad Alberto Hurtado, _c2019. |
|
| 300 | _a1 recurso en línea (219 páginas) | ||
| 336 |
_atexto _btxt _2rdacontent/spa |
||
| 337 |
_acomputadora _bc _2rdamedia/spa |
||
| 338 |
_arecurso en línea _bcr _2rdacarrier/spa |
||
| 490 | 1 | _aColección de Historia | |
| 588 | _aDescripción basada en metadatos suministrados por el editor y otras fuentes. | ||
| 590 | _aRecurso electrónico. Santa Fe, Arg.: elibro, 2021. Disponible vía World Wide Web. El acceso puede estar limitado para las bibliotecas afiliadas a elibro. | ||
| 650 | 0 |
_aIntellectual life _xPolitical aspects _zChile _xHistory _y20th century. |
|
| 651 | 0 |
_aChile _xIntellectual life _y20th century. |
|
| 651 | 4 |
_aChile _xCultura _y1973-1989. |
|
| 651 | 4 |
_aChile _xPolítica y gobierno _y1973-1989. |
|
| 655 | 4 | _aLibros electrónicos. | |
| 797 | 2 | _aelibro, Corp. | |
| 830 | 0 | _aColección de Historia. | |
| 856 | 4 | 0 | _uhttps://elibro.net/ereader/usam/128121 |
| 999 |
_c154321 _d154321 |
||